Регионална библиотека "Любен Каравелов" - Русе

Пролет е (Запис номер 20362)

MARC детайли
000 -Лидер
Контролно поле с фиксирана дължина 01116nam a2200301 c 4500
003 - Код на организацията, давaща контролен номер
Контролно поле BLK
005 - Дата и час на последна редакция
Контролно поле 20240207140821.0
008 - Елементи от данни с фиксирана дължина
fixed length control field 180413b bul|||||r ||||||| ||bul||
010 ## - Наследен системен номер
LC control number KNG00022582000
040 ## - Източник на каталожния запис
Идентификатор на билиотеката - собственик на записа BLK
041 ## - Код за език
Код за езика на текст/звукозапис или на отделно заглавие Български
Код за езика КДБФ Български
080 ## - УДК
Текстов определител УДК Българска литература
УДК код - определител по УДК 821.163.2
УДК определител -93-1
УДК - код + определител 821.163.2-93-1
139 ## - Редно поле
Редна дума Пролет е
Авторски знак Прод - П 91
245 10 - Сведения за заглавието
Заглавие Пролет е
Подзаглавни данни 54 стихотворения и песни за пролетта и Великден
Редно поле (дума) състав. Петър Иванов Кърджилов.
257 ## - Страна на издаване
Страна на създаване/издаване България
260 ## - Област на издателските данни
-- София
Име на издателя, разпространителя и проч. Оларт
Година на издаване 1998
Печатница София : Иван Вазов
300 ## - Физическа характеристика
Страници 48 с.
Илюстрации и др. с ил.
Размери/Мащаб 23 см
380 ## - Жанр
Жанр Худож. лит.
490 1# - СЕРИИ (Колекции)
Име на серия Библиотечка За вас и за вашето дете
500 ## - Общи забележки
Забележка Кор. опис. - 4 000 тир.
700 1# - Други автори (авторска отговорност)
Лично име Кърджилов, Петър Иванов
Автороска отговорност (Описва отношението между автора и произведението) състав.
9 (RLIN) 364398
852 ## - Местоположение
Форматна сигнатура Цб 197063
856 4# - Електронен адрес и достъп
Електронен формат pdf - файл
Път до файла /url/
856 4# - Електронен адрес и достъп
Електронен формат pdf - файл
Път до файла /url/
942 ## - АРТИКУЛИ
Вид на библиотечния материал Книги
Скрит в OPAC Не
Koha issues (borrowed), all copies 2
944 ## - СЪЗДАВАНЕ И РЕДАКЦИЯ на ЗАПИСА
Създаване/Редакция Създаване
Дата на регистрацията/редакция 15.01.2003
Служител, извършил регистрацията/редакцията 30532
Статус, дата на статуса Мира Стойчева
944 ## - СЪЗДАВАНЕ И РЕДАКЦИЯ на ЗАПИСА
Създаване/Редакция Редакция
Дата на регистрацията/редакция 15.01.2003
Служител, извършил регистрацията/редакцията
999 ## - СИСТЕМНИ КОНТРОЛНИ НОМЕРА
Koha biblionumber 20362
Koha biblioitemnumber 20362
Наличности
Код за отписване Код за изгубен артикул Източник на класификационната схема Код за повреда Коз за рестрикции Код за отдаване Артикулен № Име на библиотеката - собственик Име на библиотеката, в която се намира в момента Статус (Текущо местоположение) Дата на вписване в системата Местоположение - отдел Цена в лева Инвентарен номер Систематично азбучна сигнатура Баркод Номер на екземпляра Цена в евро Служебен тип на артикула
  Не е изгубен Universal Decimal Classification Не е повреден без рестрикции ползва се в читалня 33794 Регионална библиотека "Любен Каравелов" Русе Регионална библиотека "Любен Каравелов" Русе Хранилище 2001-01-01 Хранилище 1.50 640896 Цб 197063 120000640896 1 0.77 Книги
  Не е изгубен Universal Decimal Classification Не е повреден   заемане за дома 727766 Регионална библиотека "Любен Каравелов" Русе Регионална библиотека "Любен Каравелов" Русе Детски отдел 2019-07-03 Детски отдел 1.50 120000833017 ДХ 886.7/П 91 120000833017   0.77 Книги
Vip Innovations Ltd, Rousse, Bulgaria 2025